[Event "WLS-ch Major 65th"]
[Site "Cardiff"]
[Date "2019.04.19"]
[Round "2"]
[White "Evans, Thomas Sr"]
[Black "Bennett, Tom"]
[Result "1-0"]
[WhiteElo "1650"]
[BlackElo "1566"]
[PlyCount "111"]
[EventDate "2019.04.19"]
[EventType "swiss"]
[EventRounds "7"]
[EventCountry "WLS"]
[SourceTitle "CBM 190 Extra"]
[Source "ChessBase"]
[SourceDate "2019.07.15"]
[SourceVersion "1"]
[SourceVersionDate "2019.07.15"]
[SourceQuality "1"]

1. e4 c5 2. Nf3 Nc6 3. Bb5 g6 4. Bxc6 bxc6 5. 0-0 Bg7 6. Re1 d6 7. h3 Nf6 8. d3 0-0 9. Nc3 Nd7 10. Bg5 Ne5 11. Nh2 f6 12. Bf4 Nf7 13. Bd2 Rb8 14. Rb1 d5 15. f4 e5 16. g4 exf4 17. Bxf4 Ne5 18. Nf3 Re8 19. Nxe5 fxe5 20. Bg3 Ba6 21. b3 c4 22. d4 cxb3 23. axb3 Rb4 24. dxe5 Bxe5 25. Bxe5 Rxe5 26. exd5 Qb6+ 27. Kg2 Rd4 28. Qf3 Rd2+ 29. Kg3 Qc7 30. Rxe5 Qxe5+ 31. Kh4 g5+ 32. Kh5 Bc8 33. Rf1 Qg7 34. Qf6 Qxf6 35. Rxf6 cxd5 36. Rd6 Rf2 37. Rd8+ Rf8 38. Rxf8+ Kxf8 39. Nxd5 Kf7 40. Kxg5 Kg7 41. Kf4 Bb7 42. Ne3 Kg6 43. h4 h6 44. Nc4 Bc8 45. Ne5+ Kf6 46. b4 Be6 47. c4 a6 48. c5 Bc8 49. Ke4 Ke6 50. g5 hxg5 51. hxg5 Ke7 52. Kd5 Be6+ 53. Kc6 Bh3 54. Kb6 Bf1 55. c6 Ke6 56. c7 1-0

[Event "Auburn Hills op"]
[Site "Auburn Hills"]
[Date "2003.04.26"]
[Round "3"]
[White "Evans, Thomas Sr"]
[Black "Roe, Philip"]
[Result "0-1"]
[WhiteElo "1923"]
[BlackElo "1965"]
[PlyCount "132"]
[EventDate "2003.04.26"]
[EventType "swiss"]
[EventRounds "5"]
[EventCountry "USA"]
[SourceTitle "EXT 2007"]
[Source "ChessBase"]
[SourceDate "2006.11.23"]
[SourceVersion "1"]
[SourceVersionDate "2006.11.23"]
[SourceQuality "1"]

1. e4 e5 2. Nf3 Nc6 3. Bc4 Nf6 4. Nc3 Nxe4 5. Bxf7+ Kxf7 6. Nxe4 Be7 7. d3 Rf8 8. 0-0 Kg8 9. h3 d5 10. Ng3 h6 11. c3 Be6 12. Bd2 Bd6 13. Nh2 Qf6 14. Qe2 Rae8 15. Qh5 Bf7 16. Qg4 Bg6 17. Qe2 Nd8 18. Rad1 Ne6 19. Ng4 Qf7 20. Nh1 Nc5 21. Bxh6 e4 22. d4 Nd3 23. Bc1 Nf4 24. Bxf4 Qxf4 25. Qe3 Qf5 26. Ng3 Qe6 27. Qe2 Bxg3 28. fxg3 Bh5 29. Nf6+ Rxf6 30. Qxh5 Ref8 31. Rxf6 Rxf6 32. Re1 c6 33. Qg5 Qd6 34. Qe3 b5 35. b4 a5 36. a3 Rg6 37. Qf4 Qxf4 38. gxf4 axb4 39. axb4 Rg3 40. Rc1 Rd3 41. Rc2 Kf7 42. Kf2 Kf6 43. g3 Kf5 44. Kg2 e3 45. Kf3 e2+ 46. Kxe2 Rxg3 47. Kf1 Kxf4 48. Re2 Rxh3 49. Re7 Rxc3 50. Rxg7 Ke3 51. Rg4 Rc1+ 52. Kg2 Rc4 53. Rg6 Kxd4 54. Kf3 Kc3 55. Ke3 Kxb4 56. Kd3 c5 57. Rg1 Rc3+ 58. Kd2 d4 59. Rb1+ Rb3 60. Ra1 c4 61. Kc2 Rh3 62. Rd1 d3+ 63. Kb2 c3+ 64. Ka2 c2 65. Rg1 Kc3 66. Ka1 Rh8 0-1

[Event "Kalamazoo op"]
[Site "Kalamazoo"]
[Date "2001.07.29"]
[Round "4"]
[White "Evans, Thomas Sr"]
[Black "Blaine, Roger"]
[Result "1/2-1/2"]
[WhiteElo "1847"]
[BlackElo "1743"]
[PlyCount "102"]
[EventDate "2001.07.28"]
[EventType "swiss"]
[EventRounds "5"]
[EventCountry "USA"]
[SourceTitle "EXT 2007"]
[Source "ChessBase"]
[SourceDate "2006.11.23"]
[SourceVersion "1"]
[SourceVersionDate "2006.11.23"]
[SourceQuality "1"]

1. e4 e6 2. Nf3 d5 3. exd5 exd5 4. d4 Bd6 5. Nc3 c6 6. Bd3 Nf6 7. Bg5 0-0 8. Qd2 Bg4 9. 0-0-0 Nbd7 10. h3 Bh5 11. g4 Bg6 12. Bf5 Qc7 13. h4 h6 14. Be3 Bxf5 15. gxf5 Ng4 16. Rhg1 Nxe3 17. fxe3 Kh8 18. Qg2 Rg8 19. Kb1 Nf6 20. Rdf1 Rae8 21. Nd1 Ne4 22. Nd2 Qe7 23. Nxe4 Qxe4 24. Qf2 Be7 25. Rh1 Bf6 26. Rh3 Qg4 27. Rh2 Qe4 28. Rh3 Qg4 29. Rfh1 Bd8 30. Nc3 Bc7 31. Rf3 Bd8 32. Rf4 Qh5 33. Ne2 f6 34. Rg1 Bc7 35. Rfg4 Re7 36. Nf4 Bxf4 37. Rxf4 Qe8 38. Rg3 Re4 39. Rfg4 Rxg4 40. Rxg4 Qh5 41. Rg1 Re8 42. Qg3 Qf7 43. Kc1 Qe7 44. Kd2 Qb4+ 45. Kc1 Qe7 46. Kd1 Qf7 47. Kd2 Re4 48. h5 Qe7 49. c3 Kh7 50. b4 a6 51. a4 Qd7 1/2-1/2

[Event "Kalamazoo op"]
[Site "Kalamazoo"]
[Date "2001.07.28"]
[Round "1"]
[White "Evans, Thomas Sr"]
[Black "Hershberger, Kent"]
[Result "1-0"]
[WhiteElo "1847"]
[BlackElo "1301"]
[PlyCount "43"]
[EventDate "2001.07.28"]
[EventType "swiss"]
[EventRounds "5"]
[EventCountry "USA"]
[SourceTitle "EXT 2007"]
[Source "ChessBase"]
[SourceDate "2006.11.23"]
[SourceVersion "1"]
[SourceVersionDate "2006.11.23"]
[SourceQuality "1"]

1. e4 e5 2. Nf3 Nf6 3. Nc3 d6 4. Bc4 Bg4 5. h3 Bh5 6. d3 Nc6 7. Be3 Be7 8. Qe2 Nb4 9. Bb3 d5 10. exd5 Nbxd5 11. Nxd5 Nxd5 12. g4 Bg6 13. Nxe5 Bf6 14. Nxg6 hxg6 15. Bd4+ Ne7 16. Bxf6 gxf6 17. Qf3 Nc6 18. 0-0-0 0-0 19. Qe4 Re8 20. Qxg6+ Kh8 21. Bxf7 Ne7 22. Qh6# 1-0

[Event "Kalamazoo op07"]
[Site "Kalamazoo"]
[Date "2000.07.29"]
[Round "1"]
[White "Poniatowski, Donald"]
[Black "Evans, Thomas Sr"]
[Result "0-1"]
[WhiteElo "1213"]
[BlackElo "1867"]
[PlyCount "66"]
[EventDate "2000.07.29"]
[EventType "swiss"]
[EventRounds "5"]
[EventCountry "USA"]
[SourceTitle "EXT 2007"]
[Source "ChessBase"]
[SourceDate "2006.11.23"]
[SourceVersion "1"]
[SourceVersionDate "2006.11.23"]
[SourceQuality "1"]

1. e4 e5 2. Nf3 d6 3. d4 exd4 4. Qxd4 Nc6 5. Bb5 Bd7 6. Bxc6 Bxc6 7. Bg5 f6 8. Be3 Ne7 9. Nc3 Ng6 10. 0-0-0 Be7 11. h4 0-0 12. h5 Ne5 13. h6 g6 14. Nxe5 fxe5 15. Qc4+ Kh8 16. Nd5 Bg5 17. Qe2 Bxd5 18. exd5 Bxe3+ 19. Qxe3 Qf6 20. Rdf1 c6 21. c4 cxd5 22. cxd5 Qf5 23. Kd2 Rac8 24. Qd3 Qf4+ 25. Ke2 Qg4+ 26. Kd2 Qb4+ 27. Ke3 Qxb2 28. f3 Rc3 29. Rb1 Rxd3+ 30. Kxd3 Qd4+ 31. Ke2 Qxd5 32. Rhc1 e4 33. Rc2 Qd3+ 0-1

[Event "Grand Masters/Experts-ch"]
[Site "Lansing"]
[Date "1999.01.10"]
[Round "5"]
[White "Brumley, Ron Jr"]
[Black "Evans, Thomas Sr"]
[Result "1/2-1/2"]
[WhiteElo "1825"]
[BlackElo "1895"]
[PlyCount "115"]
[EventDate "1999.??.??"]
[EventType "swiss"]
[EventRounds "5"]
[EventCountry "USA"]
[SourceTitle "EXT 2007"]
[Source "ChessBase"]
[SourceDate "2006.11.23"]
[SourceVersion "1"]
[SourceVersionDate "2006.11.23"]
[SourceQuality "1"]

1. d4 d5 2. Nf3 Nf6 3. Bf4 Bf5 4. Nbd2 Nc6 5. c3 e6 6. e3 Bd6 7. Bxd6 cxd6 8. Nh4 Bg4 9. Be2 Bxe2 10. Qxe2 Qb6 11. Nb3 a5 12. 0-0 0-0 13. Rab1 Rfe8 14. Nd2 e5 15. Qf3 Qd8 16. Nf5 Re6 17. c4 Ne7 18. Nxe7+ Rxe7 19. cxd5 exd4 20. Nb3 dxe3 21. fxe3 Ne4 22. Rbd1 Qb6 23. Rd4 Nf6 24. Rd3 Nd7 25. Nd4 Ne5 26. Qe4 g6 27. Rb3 Qc7 28. Qh4 Rae8 29. Nb5 Qc5 30. Qd4 Rd7 31. Qxc5 dxc5 32. Rc3 b6 33. e4 Kg7 34. h3 g5 35. Rg3 h6 36. h4 f6 37. Nc3 Ng6 38. Rgf3 Rf7 39. hxg5 hxg5 40. g3 Ne5 41. Rf5 Ng4 42. Re1 Kg6 43. Nd1 Rxe4 44. Rxg5+ Kxg5 45. Rxe4 Ne5 46. a4 Rd7 47. Nc3 Kf5 48. Rf4+ Kg6 49. Re4 Re7 50. Kf1 f5 51. d6 fxe4 52. dxe7 Kf7 53. Nd5 Nc4 54. b3 Nd2+ 55. Ke2 Nxb3 56. Nxb6 Kxe7 57. Ke3 Ke6 58. Kxe4 1/2-1/2